[Event "World Amateur-ch U1700"]
[Site "Cagliari"]
[Date "2018.04.29"]
[Round "9"]
[White "Bergin, Cian"]
[Black "Ardu, Luigi"]
[Result "1-0"]
[WhiteElo "1377"]
[BlackElo "1599"]
[PlyCount "95"]
[EventDate "2018.04.22"]
[EventType "swiss"]
[EventRounds "9"]
[EventCountry "ITA"]
[SourceTitle "CBM 184 Extra"]
[Source "ChessBase"]
[SourceDate "2018.06.28"]
[SourceVersion "1"]
[SourceVersionDate "2018.06.28"]
[SourceQuality "1"]

1. e4 d5 2. exd5 Nf6 3. d4 Nxd5 4. Nf3 e6 5. c4 Bb4+ 6. Bd2 Bxd2+ 7. Nbxd2 Nf4 8. Nb3 0-0 9. Qd2 Qf6 10. 0-0-0 a5 11. g3 a4 12. Qxf4 axb3 13. axb3 Ra1+ 14. Kc2 Qg6+ 15. Bd3 Rxd1 16. Rxd1 e5 17. Nxe5 Qd6 18. h4 Nc6 19. Nxc6 Qxc6 20. Qe4 Qxe4 21. Bxe4 c6 22. Re1 f5 23. Bf3 f4 24. g4 b5 25. g5 bxc4 26. bxc4 Bf5+ 27. Kc3 Rc8 28. Re5 g6 29. Rc5 Re8 30. Kd2 Rb8 31. Kc3 Re8 32. Re5 Rxe5 33. dxe5 Bd7 34. Kd4 Kf7 35. Kc5 Ke6 36. Bg4+ Ke7 37. Bxd7 Kxd7 38. f3 Ke6 39. Kxc6 Kxe5 40. Kc5 Ke6 41. b4 Kd7 42. Kb6 Kd6 43. c5+ Kd5 44. c6 Kd4 45. c7 Ke3 46. c8Q Kxf3 47. Qh3+ Ke2 48. h5 1-0

[Event "World Amateur-ch U1700"]
[Site "Cagliari"]
[Date "2018.04.24"]
[Round "4"]
[White "Ardu, Luigi"]
[Black "Ruzzeddu, Matteo"]
[Result "1-0"]
[WhiteElo "1599"]
[BlackElo "1349"]
[PlyCount "65"]
[EventDate "2018.04.22"]
[EventType "swiss"]
[EventRounds "9"]
[EventCountry "ITA"]
[SourceTitle "CBM 184 Extra"]
[Source "ChessBase"]
[SourceDate "2018.06.28"]
[SourceVersion "1"]
[SourceVersionDate "2018.06.28"]
[SourceQuality "1"]

1. e4 e5 2. Nf3 Nc6 3. c3 Nf6 4. d4 d6 5. Bb5 a6 6. Bxc6+ bxc6 7. dxe5 Nxe4 8. 0-0 Bg4 9. Re1 d5 10. Qa4 Qd7 11. Nd4 c5 12. Nc6 Bf5 13. f3 Nxc3 14. Nxc3 c4 15. Be3 a5 16. Nxd5 Qxd5 17. Nb8+ c6 18. Rad1 Qb5 19. Qxb5 cxb5 20. Nc6 a4 21. Bb6 Bd7 22. Nd4 Rb8 23. Bc7 Rb7 24. Bd6 Bxd6 25. exd6+ Kd8 26. Re7 Rb6 27. Rxf7 Rxd6 28. Rxg7 h6 29. Nc6+ Rxc6 30. Rdxd7+ Ke8 31. Rge7+ Kf8 32. Rf7+ Kg8 33. Rg7+ 1-0